| 000 | 00407nam a2200133Ia 4500 | ||
|---|---|---|---|
| 008 | 210430s9999 xx 000 0 und d | ||
| 020 | _a9781856178099 | ||
| 082 | _a 671.2 C1721 C | ||
| 100 |
_aJohn Campbell _954127 |
||
| 245 |
_aComplete Casting Handbook: Metal casting Procsses Metallurgy Techniques and Design / _cJohn Campbell |
||
| 260 |
_aUSA _bElsevier _c2011 |
||
| 300 | _a1130 p | ||
| 942 |
_cBK _2ddc |
||
| 999 |
_c564931 _d564931 |
||